000 00678nam a2200289Ia 4500
005 20260324144300.0
008 008 260324s9999 xx 000 0 eng d
020 _a9781315683430
037 _aEBOOK
040 _aCRL
040 _beng
040 _cCRL
041 _2eng
041 _aeng
084 _qCRL
100 _aGraham Furniss; Philip J. Jaggar
_91218743
245 0 _aStudies in Hausa
245 0 _bLanguage and Linguistics
260 _bTaylor and Francis
260 _c1988
365 _a
365 _b290
856 _uhttp://www.taylorfrancis.com/books/9781315683430
942 _cEBOOK
999 _c1825170
_d1825170